01512 2200313 4500001002100000005001500021035002000036008004100056020001500097041000800112082001000120084001600130100002300146245010600169260002300275300003500298500002700333504001800360520060100378650002800979650001801007700002301025990002501048990002501073990002501098990002501123990002501148990002501173INLIS00000000000261520221025091245 a0010-0520002615221025 | | eng  a049500748X aeng a327.1 a327.1 KEG g0 aKegley, Charles W.1 aThe Global Future: A Brief Introduction to World Politics /cCharles W. Kegley and Gregory A. Raymond aBelmont, CA,c2007 a386 p. :b: ill, maps ;c24 cm aIndeks : p. I-1 - I-19 ap. R-1 - R-16 aThis book is a brief introduction to the study of international relations, based on the framework of Charles Kegley's best selling WORLD POLITICS: TREND AND TRANSFORMATION. Written in a clear, accessible style that speaks to students with a wide range of backgrounds and abilities, this textbook provides a set of concepts and analytic tools to help them understand contemporary events and emerging global trends. Every chapter contains thought-provoking case studies, box inserts with rival views on current controversies, and a marginal glossary, as well as vivid graphs, maps, and photographs. 4aInternational Relations 4aGlobalization0 aGregory A. Raymond a09656/MKRI-P/XI-2008 a09657/MKRI-P/XI-2008 a09657/MKRI-P/XI-2008 a09656/MKRI-P/XI-2008 a09656/MKRI-P/XI-2008 a09657/MKRI-P/XI-2008